000 05676namaa22004211i 4500
003 OSt
005 20260421091005.0
008 250827s2025 ua a|||frm||| 000 0 eng d
040 _aEG-GICUC
_bara
_cEG-GICUC
_dEG-GICUC
_erda
041 0 _aara
_bara
_beng
049 _aإيداع
082 0 4 _a658.404
092 _a658.404
_221
097 _aدكتوراه‎
099 _aCai01.18.06.Ph.D.2025.مي.ت
100 0 _a،ميلاد فوزى توفيق عزازى
_eإعداد.
245 1 0 _aتأثير التكامل بين إدارة المشروعات وإدارة الجودة بهدف تحسين الأداء في مشاريع التشييد والبناء /
_cإعداد ميلاد فوزى توفيق عزازى؛ إشراف ا.د /السيد احمد الشربينى، د /غسان محمد مهند.
246 1 5 _aThe effect of integration between project management and quality management in order to improve performance in construction projects /
264 0 _c2025.
300 _a104 ورقة :
_bإيضاحيات ؛
_c30 سم. +
_eCD.
336 _atext
_2rda content
337 _aUnmediated
_2rdamedia
338 _avolume
_2rdacarrier
502 _aأطروحة (دكتوراه)-جامعة القاهرة، 2025.
504 _aببليوجرافيا: صفحة 99-.
520 _aالغرض من هذه الدراسة هو تطبيق ومعرفة تأثير التكامل بين إدارة المشروعات وإدارة الجودة بهدف تحسين الأداء في مشاريع التشييد والبناء وتقييم أثر هذا التكامل من أجل معرفة أفضل الطرق للوصول الي تحسين الأداء من أجل تحقيق أهداف المشروعات، التكامل بين إدارة الجودة وإدارة المشروعات له تأثير كبير وإيجابي على أداء مشاريع التشييد، من خلال تحسين الكفاءة والجودة والالتزام بالوقت والتكلفة، مما يؤدي في النهاية الي تحقيق نجاح أكبر في المشاريع ورضا أكبر من العملاء. ويعد تطبيق التكامل بين إدارة المشروعات وإدارة الجودة هدف مهم من أجل توفير المال والوقت والجودة المناسبة طبقا للمواصفات الفنية للمشروع وكما يجب التحكم في تكاليف المشروع من خلال خطة مالية دقيقة وتوفير وقت المشروع من خلال عمل برنامج زمنى للمشروع والالتزام ودراسة كافة معوقات تنفيذ المشروع والعمل على إزالتها ويجب الالتزام بمتطلبات السلامة والصحة المهنية وارضاء العميل حتى تتحقق أهداف المشروع. وهذه الدراسة تساهم في فهم أهمية التكامل بين إدارة المشروع وإدارة الجودة وكيفية تفاعل هاتين الإدارتين معا لتحقيق نتائج أفضل في مشاريع التشييد والبناء.القيمة المضافة هنا هي التأكيد على أن إدارة الجودة ليست مسؤولية منفصله، بل يجب أن تكون جزء من إدارة المشروع ككل لتحقيق الأداء الافضل، والدراسة توضح كيف يمكن تحسين الأداء في مشاريع التشييد والبناء من خلال استخدام منهجيات وتقنيات إدارة المشروعات الحديثة التى تدعم إدارة الجودة.
520 _aThe purpose of this study is to apply and know the impact of integration between project management and quality management in order to improve performance in construction projects and evaluate the impact of this integration in order to know the best ways to reach improved performance in order to achieve the goals of the projects. Integration between quality management and project management has a significant and positive impact on the performance of construction projects, by improving efficiency, quality and commitment to time and cost, which ultimately leads to greater success in projects and greater customer satisfaction. The application of integration between project management and quality management is an important goal in order to save money, time and appropriate quality according to the technical specifications of the project, as well as controlling project costs through an accurate financial plan and saving project time by making a timetable for the project, commitment and studying all obstacles to the implementation of the project and working to remove them, and must adhere to occupational safety and health requirements and customer satisfaction in order to achieve the goals of the project.
530 _aصدر أيضًا كقرص مدمج.
546 _aالنص بالعربية والملخص باللغة الإنجليزية والعربية.
650 7 _aإدارة المشروعات
_2qrmak
653 0 _aإدارة المشروعات
_aإدارة الجودة
_aتحسين الأداء
700 0 _aالسيد احمد الشربينى
_eمشرف أطروحة.
700 0 _aغسان محمد مهند
_eمشرف أطروحة.
900 _b30-04-2025
_cالسيد احمد الشربينى
_cغسان محمد مهند
_Uجامعة القاهرة
_Fكلية الدراسات العليا للبحوث الاحصائية
_Dقسم الضبط الإحصائى وتوكيد الجودة
905 _aSara
942 _2ddc
_cTH
_e21
_n0
999 _c179632